• 首页
  • 本馆介绍
  • 公告通知
  • 最新文献
  • 馆藏检索
  • 电子资源
  • 读者导购
  • 参考咨询
  • 我的图书馆
  • 登录
  • 详细信息显示
  • 放入我的书架
  • 预约/预借图书
  • 作者相关作品
  • 分类相关作品
  • 丛书相关作品
  • 出版社相关作品

书目信息

  • 表格格式
  • 工作单格式
  • 卡片格式
题名:
托洛茨基言论
    
 
作者: ;中共中央马克思恩格斯列宁斯大林著作编译局国际共运史研究室 编
分册: 上  
出版信息: 北京   三联书店  1979
页数: 490页
开本: 20cm
丛书名:
单 册:
中图分类: D169 , D163
科图分类:
主题词: 托洛茨基主义--1903~1928 , 国际共产主义运动
电子资源:
ISBN:
000 00885nam0 2200265 45
001 0179005509
005 20070731111159.25
010    @dCNY3.80
091    @a3002.201
100    @a19950713d1979 emky0chiy0121 ea
101 0  @achi
102    @aCN@b110000
105    @ay z 000yy
200 10 @a托洛茨基言论@Atuo luo ci ji yan lun@h上@f中共中央马克思恩格斯列宁斯大林著作编译局国际共运史研究室编
210    @a北京@c三联书店@d1979
215    @a490页@d20cm
300    @a机会主义、修正主义资料选编
300    @a内部发行
606    @a托洛茨基主义@z1903~1928
606 0  @a国际共产主义运动
690    @aD169@v3
690    @aD163
711 02 @a中共中央马克思恩格斯列宁斯大林著作编译局国际共运史研究室@Azhong gong zhong yang ma ke si en ge si lie ning si da lin zhu zuo bian yi ju guo ji gong yun shi yan jiu shi@4编
801  0 @aCN@bNLC@c20070731
905    @f1@b212412@dD163@e8:1
    
    托洛茨基言论.上/中共中央马克思恩格斯列宁斯大林著作编译局国际共运史研究室编.-北京:三联书店,1979
    490页;20cm
    机会主义、修正主义资料选编.-内部发行
    
    ISBN :CNY3.80
    
●
相关链接 在E读中查询图书 在五车中查询图书 在当当中查询图书 在豆瓣中查询图书


正题名:托洛茨基言论     索取号:D163/8:1         预约/预借

序号 登录号 条形码 馆藏地/架位号 状态 备注
1 0212411   001011210   第一样本阅览室/ [索取号:D163/8:1] 在馆    
2 0471701   204717011   密集书库/ [索取号:D163/8:1] 在馆    
3 0787284   207872845   密集书库/ [索取号:D163/8:1] 在馆    
唐山师范学院图书馆 欢迎您!
大连网信软件有限公司© 版权所有